The Zambian Civil service (Record no. 83420)

MARC details
000 -LEADER
fixed length control field 01039nam a2200193 a 4500
008 - FIXED-LENGTH DATA ELEMENTS--GENERAL INFORMATION
fixed length control field 120416s1975 ||||||||||||||||| || u
050 ## - LIBRARY OF CONGRESS CALL NUMBER
Classification number JQ 2845 Dre
100 ## - MAIN ENTRY--PERSONAL NAME
Personal name Dresang, Dennis L
245 14 - TITLE STATEMENT
Title The Zambian Civil service
246 ## -
-- enterpreneuralism and development administration
260 ## - PUBLICATION, DISTRIBUTION, ETC.
Place of publication, distribution, etc. Nairobi
Name of publisher, distributor, etc. East African Publishing House
Date of publication, distribution, etc. 1975
350 ## -
-- 0.00
650 ## - SUBJECT ADDED ENTRY--TOPICAL TERM
Topical term or geographic name entry element CIVIL SERVICE--ZAMBIA
650 ## - SUBJECT ADDED ENTRY--TOPICAL TERM
Topical term or geographic name entry element ADMINISTRATION
995 ## -
-- BINDERY (DAMAGED)
-- 0.00
-- 700896
-- CBU-MAIN LIBRARY (Kitwe)
-- 2
-- 8.95
-- JQ 2845 Dre
-- 2
-- DAMAGED
-- 700896
-- Main Library Open Access Collection
995 ## -
-- BINDERY (DAMAGED)
-- 0.00
-- 700899
-- CBU-MAIN LIBRARY (Kitwe)
-- 4
-- 8.95
-- JQ 2845 Dre
-- 4
-- DAMAGED
-- 48451
-- Main Library Open Access Collection
995 ## -
-- BINDERY (DAMAGED)
-- 0.00
-- 700897
-- CBU-MAIN LIBRARY (Kitwe)
-- 1
-- 8.95
-- JQ 2845 Dre
-- 1
-- DAMAGED
-- 700897
-- Main Library Open Access Collection
995 ## -
-- BINDERY (DAMAGED)
-- 0.00
-- 700898
-- CBU-MAIN LIBRARY (Kitwe)
-- 3
-- 8.95
-- JQ 2845 Dre
-- 3
-- DAMAGED
-- 700898
-- Main Library Open Access Collection
999 ## -
-- 83420
-- 83420
Holdings
Withdrawn status Lost status Source of classification or shelving scheme Damaged status Not for loan Permanent Location Current Location Shelving location Date acquired Total Checkouts Full call number Barcode Date last seen Copy number Price effective from Koha item type
          CBU-MAIN LIBRARY, KITWE. CBU-MAIN LIBRARY, KITWE.   10/30/2023   JQ 2845 Dre 700896 10/30/2023 1 10/30/2023 MONOGRAPH
          CBU-MAIN LIBRARY, KITWE. CBU-MAIN LIBRARY, KITWE.   10/30/2023   JQ 2845 Dre 48451 10/30/2023 2 10/30/2023 MONOGRAPH
          CBU-MAIN LIBRARY, KITWE. CBU-MAIN LIBRARY, KITWE.   10/30/2023   JQ 2845 Dre 700897 10/30/2023 3 10/30/2023 MONOGRAPH
          CBU-MAIN LIBRARY, KITWE. CBU-MAIN LIBRARY, KITWE.   10/30/2023   JQ 2845 Dre 700898 10/30/2023 4 10/30/2023 MONOGRAPH